[Event "Lliga Catalana eq. DH"]
[Site "?"]
[Date "2014.03.01"]
[Round "6.10"]
[White "Masip Tresserra, O."]
[Black "Mestre Bellido, H."]
[Result "0-1"]
[WhiteElo "2223"]
[BlackElo "2343"]
[PlyCount "86"]
[EventDate "2014.??.??"]
[EventType "team"]
[EventCountry "ESP"]

1. Nf3 b6 2. e4 e6 3. Nc3 d5 4. d3 dxe4 5. dxe4 Qxd1+ 6. Nxd1 Bb7 7. Bb5+ Nd7
8. Ne5 Ngf6 9. f3 Bd6 10. Nxd7 Nxd7 11. O-O O-O-O 12. Ne3 Bc5 13. c3 Ne5 14. b4
Be7 15. a4 Nd3 16. Ba3 Bf6 17. Rad1 Ne5 18. f4 Nc6 19. e5 Be7 20. Bb2 a5 21.
Bxc6 Bxc6 22. b5 Be4 23. Rd4 Bb7 24. Re1 Bc5 25. Rc4 Rd2 26. Rxc5 bxc5 27. Ba3
Rd3 28. Bxc5 Rxc3 29. Be7 Re8 30. Bh4 Ra3 31. b6 Rc3 32. bxc7 Kxc7 33. f5 Bc6
34. Bf2 Bxa4 35. Ra1 Bc6 36. Rxa5 Rc1+ 37. Nf1 Rd8 38. Be3 Rc2 39. Bf2 Rd1 40.
fxe6 fxe6 41. Ra7+ Bb7 42. Ra5 Rcc1 43. Rc5+ Rxc5 0-1

[Event "Lliga Catalana eq. DH"]
[Site "?"]
[Date "2014.03.01"]
[Round "6.10"]
[White "Yastrebova, T."]
[Black "Benet Morant, D."]
[Result "0-1"]
[WhiteElo "2108"]
[BlackElo "2168"]
[PlyCount "68"]
[EventDate "2014.??.??"]
[EventType "team"]
[EventCountry "ESP"]

1. b3 e5 2. Bb2 Nc6 3. e3 Nf6 4. Bb5 Bd6 5. Na3 a6 6. Bxc6 dxc6 7. Nc4 Qe7 8.
d3 Bg4 9. Nf3 b5 10. Nxd6+ cxd6 11. h3 Bh5 12. e4 d5 13. exd5 e4 14. dxe4 Qxe4+
15. Qe2 Bxf3 16. gxf3 Qxe2+ 17. Kxe2 Nxd5 18. Bxg7 Rg8 19. Be5 O-O-O 20. Kf1
Rge8 21. Bg3 Nc3 22. Kg2 Rd2 23. Rhe1 Ree2 24. a4 b4 25. Rxe2 Rxe2 26. Bd6 a5
27. Bc5 Rxc2 28. Bb6 Nd5 29. Bd4 c5 30. Bg7 Nf4+ 31. Kf1 Nd3 32. h4 Rc1+ 33.
Ke2 Rxa1 34. Bxa1 Nc1+ 0-1

[Event "Lliga Catalana eq. DH"]
[Site "?"]
[Date "2014.03.08"]
[Round "7.1"]
[White "Cordova Daza, E."]
[Black "Alsina Leal, D."]
[Result "1/2-1/2"]
[WhiteElo "2568"]
[BlackElo "2545"]
[PlyCount "64"]
[EventDate "2014.??.??"]
[EventType "team"]
[EventCountry "ESP"]

1. Nf3 d5 2. c4 c6 3. b3 Bf5 4. Bb2 e6 5. e3 Nd7 6. Be2 h6 7. Nd4 Bh7 8. Bh5
Nc5 9. O-O Nf6 10. f4 Qd7 11. Be2 Nd3 12. Bc3 dxc4 13. bxc4 Bc5 14. a4 O-O 15.
Na3 a5 16. Nac2 Nb4 17. d3 Be7 18. Nxb4 axb4 19. Bb2 Rfd8 20. Qb3 c5 21. Nf3
Ng4 22. e4 Qc7 23. h3 Nf6 24. Be5 Qc6 25. g4 Nd7 26. Bb2 Qc7 27. e5 Nb8 28. h4
Nc6 29. h5 Rd7 30. Ra2 Qd8 31. Rd1 Qa5 32. Raa1 Rad8 1/2-1/2

[Event "Lliga Catalana eq. DH"]
[Site "?"]
[Date "2014.03.08"]
[Round "7.1"]
[White "Cruz Sanchez, JE."]
[Black "Muñoz Pantoja, M."]
[Result "0-1"]
[WhiteElo "2541"]
[BlackElo "2559"]
[PlyCount "84"]
[EventDate "2014.??.??"]
[EventType "team"]
[EventCountry "ESP"]

1. e4 d5 2. exd5 Qxd5 3. Nc3 Qa5 4. d4 Nf6 5. Nf3 Bg4 6. h3 Bh5 7. Bd2 e6 8. g4
Bg6 9. Ne5 Qb6 10. Bg2 Nbd7 11. Nxd7 Nxd7 12. Qe2 O-O-O 13. O-O-O Bb4 14. h4 h5
15. Rh3 hxg4 16. Na4 Bxd2+ 17. Rxd2 Qd6 18. Rb3 c6 19. Bxc6 Nb6 20. Bg2 Nxa4
21. Qc4+ Kd7 22. Rxb7+ Ke8 23. Qxa4+ Kf8 24. Qa3 Rxh4 25. Rxa7 Rh2 26. Bc6 Kg8
27. Qxd6 Rxd6 28. Rc7 e5 29. b4 Rxd4 30. Rxd4 exd4 31. b5 Rxf2 32. Bd5 Rf5 33.
b6 Rxd5 34. b7 Rb5 35. a4 Rxb7 36. Rxb7 Be4 37. Rb1 g3 38. Kd2 f5 39. a5 f4 40.
a6 f3 41. Ke1 f2+ 42. Ke2 d3+ 0-1

[Event "Lliga Catalana eq. DH"]
[Site "?"]
[Date "2014.03.08"]
[Round "7.1"]
[White "Cuartas Medina, JA."]
[Black "Baches Garcia, G."]
[Result "1/2-1/2"]
[WhiteElo "2537"]
[BlackElo "2424"]
[PlyCount "113"]
[EventDate "2014.??.??"]
[EventType "team"]
[EventCountry "ESP"]

1. e4 e5 2. Nf3 Nf6 3. Nxe5 d6 4. Nf3 Nxe4 5. Nc3 Nxc3 6. dxc3 Be7 7. Bf4 Nc6
8. Qd2 Be6 9. Ng5 Bxg5 10. Bxg5 Qd7 11. f3 a6 12. b3 f6 13. Be3 Ne7 14. c4
O-O-O 15. O-O-O Rhe8 16. Be2 Kb8 17. Rhe1 Bf7 18. Bf1 Nc6 19. Bf2 Rxe1 20. Rxe1
Re8 21. Kb2 Rxe1 22. Qxe1 Qe6 23. Qxe6 Bxe6 24. Be2 Kc8 25. f4 f5 26. Bf3 Kd7
27. Kc3 a5 28. a3 b6 29. Kd2 Ne7 30. Bd4 g6 31. Bf6 c5 32. Ke1 Bf7 33. Kf2 Ke6
34. Bg5 Be8 35. c3 Bc6 36. Bxe7 Bxf3 37. Bxd6 Bd1 38. Bc7 Bxb3 39. Bxb6 a4 40.
Bxc5 Bxc4 41. Kg3 h5 42. Kh4 Kf7 43. Bd4 Bb3 44. Kg5 Bc4 45. g3 Bb3 46. h4 Be6
47. Bf2 Bc8 48. c4 Be6 49. c5 Bd7 50. Be1 Be6 51. c6 Bc8 52. c7 Be6 53. Bc3 Bc8
54. Be5 Be6 55. Bc3 Bc8 56. Be5 Be6 57. Bc3 1/2-1/2

[Event "Lliga Catalana eq. DH"]
[Site "?"]
[Date "2014.03.08"]
[Round "7.1"]
[White "Lopez Martinez, JM."]
[Black "Benet Catala, A."]
[Result "1-0"]
[WhiteElo "2576"]
[BlackElo "2329"]
[PlyCount "53"]
[EventDate "2014.??.??"]
[EventType "team"]
[EventCountry "ESP"]

1. e4 g6 2. d4 Bg7 3. c4 d6 4. Ne2 e5 5. Be3 Nc6 6. d5 Nce7 7. f3 f5 8. Nec3
Bh6 9. Bf2 Nf6 10. Be2 O-O 11. O-O Kh8 12. Nd2 Bxd2 13. Qxd2 f4 14. c5 g5 15.
Rfc1 Ne8 16. Nb5 Bd7 17. Qb4 Nc8 18. cxd6 cxd6 19. Nc7 Rb8 20. Na6 Ra8 21. Qxb7
Nb6 22. Nb4 Bc8 23. Bxb6 Bxb7 24. Bxd8 Rxd8 25. Rc3 Rd7 26. Rac1 Rg7 27. Ra3
1-0

[Event "Lliga Catalana eq. DH"]
[Site "?"]
[Date "2014.03.08"]
[Round "7.1"]
[White "Moskalenko, V."]
[Black "Lacasa Diaz, JA."]
[Result "1-0"]
[WhiteElo "2583"]
[BlackElo "2457"]
[PlyCount "33"]
[EventDate "2014.??.??"]
[EventType "team"]
[EventCountry "ESP"]

1. b3 e5 2. Bb2 Nc6 3. e3 Nf6 4. Bb5 Bd6 5. Na3 Na5 6. Nf3 a6 7. Be2 Qe7 8. Nb1
e4 9. Nh4 g6 10. f4 O-O 11. O-O Nc6 12. Qe1 Qd8 13. Qg3 Be7 14. Nf5 d6 15.
Nxe7+ Qxe7 16. c4 Ne8 17. f5 1-0

[Event "Lliga Catalana eq. DH"]
[Site "?"]
[Date "2014.03.08"]
[Round "7.1"]
[White "Narciso Dublan, M."]
[Black "Guerra Mendez, JA."]
[Result "1/2-1/2"]
[WhiteElo "2544"]
[BlackElo "2404"]
[PlyCount "93"]
[EventDate "2014.??.??"]
[EventType "team"]
[EventCountry "ESP"]

1. d4 Nf6 2. c4 e6 3. Nc3 Bb4 4. Qc2 O-O 5. a3 Bxc3+ 6. Qxc3 b6 7. Bg5 Bb7 8.
e3 d6 9. f3 Nbd7 10. Bd3 c5 11. Ne2 Rc8 12. Qb3 h6 13. Bh4 d5 14. cxd5 Bxd5 15.
Qd1 cxd4 16. Nxd4 Bc4 17. O-O Ne5 18. Bxc4 Nxc4 19. Qe2 Qd5 20. Rac1 Nd6 21.
Rfd1 Rxc1 22. Rxc1 Rc8 23. Rxc8+ Nxc8 24. Qb5 Qxb5 25. Nxb5 Nd7 26. Kf1 f6 27.
Ke2 Kf7 28. e4 Ke7 29. Be1 Nc5 30. g4 a6 31. Nd4 Kd7 32. b4 Na4 33. Bg3 b5 34.
e5 Ncb6 35. exf6 gxf6 36. h4 Nd5 37. h5 Nb2 38. Nc2 e5 39. Bf2 Nf4+ 40. Kf1 Nc4
41. Be3 Ke6 42. Bxf4 exf4 43. Nd4+ Ke5 44. Nc6+ Ke6 45. Nd4+ Ke5 46. Nc6+ Ke6
47. Nd4+ 1/2-1/2

[Event "Lliga Catalana eq. DH"]
[Site "?"]
[Date "2014.03.08"]
[Round "7.1"]
[White "Peralta, F."]
[Black "Gonzalez Perez, A."]
[Result "1-0"]
[WhiteElo "2591"]
[BlackElo "2567"]
[PlyCount "65"]
[EventDate "2014.??.??"]
[EventType "team"]
[EventCountry "ESP"]

1. d4 d5 2. c4 e6 3. Nc3 Be7 4. cxd5 exd5 5. Bf4 c6 6. Qc2 g6 7. e3 Bf5 8. Qd2
Bd6 9. Nge2 Nf6 10. f3 Bxf4 11. Nxf4 h5 12. O-O-O O-O 13. g3 Qa5 14. h3 g5 15.
Nd3 b5 16. e4 dxe4 17. Qxg5+ Bg6 18. Ne5 Kh7 19. Nxg6 fxg6 20. g4 h4 21. f4
Nbd7 22. f5 b4 23. Nxe4 Qxa2 24. Qxg6+ Kh8 25. Qh6+ Kg8 26. Qg6+ Kh8 27. Qh6+
Kg8 28. Nd2 Nb6 29. g5 Qa1+ 30. Nb1 Qa4 31. Rh2 Nfd5 32. Qg6+ Kh8 33. f6 1-0

[Event "Lliga Catalana eq. DH"]
[Site "?"]
[Date "2014.03.08"]
[Round "7.2"]
[White "Delorme, Axel"]
[Black "Alonso Garcia, R."]
[Result "1-0"]
[WhiteElo "2479"]
[BlackElo "2423"]
[PlyCount "56"]
[EventDate "2014.??.??"]
[EventType "team"]
[EventCountry "ESP"]

1. d4 e6 2. c4 d5 3. Nf3 Nf6 4. g3 c5 5. cxd5 cxd4 6. Bg2 Qa5+ 7. Nbd2 Qxd5 8.
O-O Be7 9. Nb3 e5 10. Nfxd4 Qd7 11. Nf3 Qxd1 12. Rxd1 Nc6 13. Be3 O-O 14. Rac1
Rb8 15. Rxc6 bxc6 16. Nxe5 Ng4 17. Nxc6 Nxe3 18. Nxe7+ Kh8 19. fxe3 Be6 20. Nd5
a5 21. Rd4 Rfd8 22. e4 Rdc8 23. Rd2 a4 24. Nd4 Rc1+ 25. Kf2 Rb1 26. b4 Rc8 27.
a3 g6 28. Rd3 Re8 1-0

[Event "Lliga Catalana eq. DH"]
[Site "?"]
[Date "2014.03.08"]
[Round "7.2"]
[White "Dominguez Pons, E."]
[Black "Fluvia Poyatos, Joan"]
[Result "0-1"]
[WhiteElo "2389"]
[BlackElo "2554"]
[PlyCount "148"]
[EventDate "2014.??.??"]
[EventType "team"]
[EventCountry "ESP"]

1. d4 Nf6 2. Bg5 Ne4 3. Bf4 c5 4. f3 Qa5+ 5. c3 Nf6 6. Nd2 cxd4 7. Nb3 Qb6 8.
Qxd4 Nc6 9. Qxb6 axb6 10. Nd4 Ra5 11. e4 e5 12. Nxc6 dxc6 13. Be3 b5 14. Ne2
Be6 15. a3 Ra4 16. Nc1 Nd7 17. Bd3 g6 18. Bc2 Ra8 19. Bb3 Bc4 20. Bc2 h5 21.
Nd3 Kd8 22. O-O Kc7 23. Rfd1 f6 24. g3 Bh6 25. Bxh6 Rxh6 26. Kg2 Rd8 27. b3 Be6
28. a4 bxa4 29. Rxa4 Rh7 30. Raa1 h4 31. g4 g5 32. Kf2 Rhh8 33. Ke3 Ra8 34. c4
b6 35. Kd2 Rhb8 36. Kc3 Bf7 37. b4 Nf8 38. Bb3 Bg8 39. Rdb1 Rd8 40. Nc1 Ng6 41.
Ne2 b5 42. Rxa8 Rxa8 43. cxb5 cxb5 44. Bxg8 Rxg8 45. Ra1 Rc8 46. Kb3 Rd8 47.
Kc2 h3 48. Ra5 Nh4 49. Ra3 Kb7 50. Ng1 Rd4 51. Rb3 Ng2 52. Nxh3 Ne1+ 53. Kb1
Rd1+ 54. Ka2 Nd3 55. Rb1 Rd2+ 56. Kb3 Rxh2 57. Rd1 Nb2 58. Rd7+ Kc8 59. Rh7 Nc4
60. Kc3 Rg2 61. Kd3 Kd8 62. Rh6 Ke7 63. Rh7+ Ke6 64. Rb7 Rd2+ 65. Kc3 Rh2 66.
Rh7 Ra2 67. Ng1 Rg2 68. Rh1 Rf2 69. Rh3 Rg2 70. Rh1 Ra2 71. Rh7 Ra1 72. Nh3
Ra3+ 73. Kc2 Rxf3 74. Rh6 Kf7 0-1

[Event "Lliga Catalana eq. DH"]
[Site "?"]
[Date "2014.03.08"]
[Round "7.2"]
[White "Herrero Sabartes, J."]
[Black "Magem Badals, J."]
[Result "1/2-1/2"]
[WhiteElo "2329"]
[BlackElo "2576"]
[PlyCount "71"]
[EventDate "2014.??.??"]
[EventType "team"]
[EventCountry "ESP"]

1. e4 e5 2. Nc3 Nf6 3. Bc4 Nc6 4. d3 Na5 5. Nf3 d6 6. a3 Nxc4 7. dxc4 Be7 8. c5
h6 9. O-O c6 10. cxd6 Bxd6 11. Qd3 Be6 12. Rd1 Bc7 13. Qxd8+ Rxd8 14. Rxd8+
Kxd8 15. Be3 b6 16. h3 Ke7 17. a4 a5 18. Rd1 Nd7 19. Ne1 Bd6 20. Nd3 h5 21. f4
exf4 22. Bxf4 Bxf4 23. Nxf4 h4 24. Kf2 g5 25. Nd3 Nc5 26. Ne5 Rc8 27. Nf3 f6
28. e5 fxe5 29. Nxe5 Kf6 30. Nf3 Bf5 31. Rd6+ Ke7 32. Rd2 Kf6 33. Rd6+ Ke7 34.
Rd2 Rg8 35. Ne5 Rc8 36. Nf3 1/2-1/2

[Event "Lliga Catalana eq. DH"]
[Site "?"]
[Date "2014.03.08"]
[Round "7.2"]
[White "Oratovsky, M."]
[Black "Cruz Estrada, F."]
[Result "0-1"]
[WhiteElo "2533"]
[BlackElo "2486"]
[PlyCount "108"]
[EventDate "2014.??.??"]
[EventType "team"]
[EventCountry "ESP"]

1. e4 c5 2. Nf3 d6 3. Bb5+ Nd7 4. O-O Ngf6 5. Re1 a6 6. Bf1 e6 7. c3 Be7 8. d4
cxd4 9. cxd4 Nb6 10. Bd2 a5 11. Nc3 O-O 12. Bd3 a4 13. Qe2 d5 14. e5 Nfd7 15.
h4 h6 16. Nb5 Nc4 17. Bc3 Ndb6 18. b3 Bd7 19. bxc4 dxc4 20. Bxc4 Nxc4 21. Qxc4
Rc8 22. Qd3 Bxb5 23. Qxb5 Rxc3 24. Qxa4 Qd5 25. Rac1 b5 26. Qa7 Bb4 27. Rxc3
Bxc3 28. Re2 b4 29. Qb6 Ra8 30. Qd6 Qc4 31. Re3 Qxa2 32. Qc6 Qd5 33. Rxc3 bxc3
34. Qxc3 Qe4 35. Qc1 Rb8 36. Kh2 Rb1 37. Qd2 Rb3 38. Qc1 Kh7 39. Qd2 Rb1 40.
Kg3 Rh1 41. Qf4 Qg6+ 42. Qg4 Qc2 43. Qf4 Kg8 44. Nd2 Rg1 45. Ne4 Qd3+ 46. Kh2
Qf1 47. Qf3 Rh1+ 48. Kg3 Qg1 49. Kg4 Qd1 50. g3 Re1 51. Nd6 h5+ 52. Kf4 Qxd4+
53. Ne4 f6 54. exf6 gxf6 0-1

[Event "Lliga Catalana eq. DH"]
[Site "?"]
[Date "2014.03.08"]
[Round "7.2"]
[White "Pham Guerrero, S."]
[Black "Valdes Romero, L."]
[Result "0-1"]
[WhiteElo "2304"]
[BlackElo "2453"]
[PlyCount "64"]
[EventDate "2014.??.??"]
[EventType "team"]
[EventCountry "ESP"]

1. e4 d6 2. d4 Nf6 3. Nc3 g6 4. f4 Bg7 5. Nf3 c5 6. d5 O-O 7. Bc4 b5 8. Bxb5
Nxe4 9. Nxe4 Qa5+ 10. Nc3 Bxc3+ 11. bxc3 Qxb5 12. Qd3 Qa4 13. c4 Bf5 14. Qb3
Bxc2 15. Qxa4 Bxa4 16. h4 h5 17. g4 f6 18. Rg1 hxg4 19. Rxg4 Kf7 20. Rb1 Na6
21. Rb2 Rab8 22. Rbg2 Rg8 23. Kd2 Bd7 24. R4g3 Bf5 25. Kc3 Rh8 26. a3 Nc7 27.
Rh2 Na8 28. Ne1 Rb1 29. Bd2 Rhb8 30. Nd3 R8b3+ 31. Kc2 R3b2+ 32. Kc3 Ra2 0-1

[Event "Lliga Catalana eq. DH"]
[Site "?"]
[Date "2014.03.08"]
[Round "7.2"]
[White "Trepat Herranz, J."]
[Black "Matnadze, A."]
[Result "1-0"]
[WhiteElo "2416"]
[BlackElo "2520"]
[PlyCount "155"]
[EventDate "2014.??.??"]
[EventType "team"]
[EventCountry "ESP"]

1. d4 Nf6 2. c4 e6 3. Nc3 d5 4. cxd5 exd5 5. Bg5 Be7 6. Qc2 O-O 7. e3 Re8 8.
Bd3 h6 9. Bh4 Nc6 10. a3 Na5 11. Nf3 c6 12. O-O Nc4 13. Bxc4 dxc4 14. Ne5 Be6
15. Qe2 c5 16. dxc5 Nd5 17. Bxe7 Nxc3 18. bxc3 Qxe7 19. c6 Bd5 20. cxb7 Qxb7
21. Rfb1 Qe7 22. Nf3 Qf6 23. Nd4 Rac8 24. Rb5 Ba8 25. f3 a6 26. Rb4 Bd5 27.
Rab1 h5 28. e4 h4 29. Qf2 Be6 30. Rb6 h3 31. g3 a5 32. R6b5 Ra8 33. Qe3 Bd7 34.
Rb7 Rad8 35. Qf4 Qe7 36. Qc1 Qc5 37. Kh1 Ba4 38. Qf4 Rf8 39. Qc1 Bd7 40. Qb2 f5
41. exf5 Bxf5 42. Re1 Bc8 43. Rbe7 Qd5 44. Qe2 Bg4 45. Rf1 Bd7 46. Qe5 Qxe5 47.
Rxe5 a4 48. Kg1 Rb8 49. Rfe1 Rb2 50. R5e2 Rb6 51. Re7 Rd6 52. Rb1 Bc8 53. Kf2
Rdf6 54. Rb4 Bg4 55. Rbb7 Rg6 56. Ke3 Bf5 57. Rb4 Bd3 58. g4 Ra8 59. Kf2 Rf6
60. Rbb7 Rg6 61. Ne6 Kh8 62. Nxg7 Rf8 63. Ne6 Rc8 64. Nf4 Rgc6 65. Nxh3 Rf8 66.
Kg3 Rd6 67. Ng5 Bg6 68. Ne6 Rc8 69. Nd4 Rf8 70. h4 Bd3 71. h5 Rd5 72. Ne6 Rc8
73. Nf4 Rd6 74. g5 Bf5 75. g6 Rd1 76. Rh7+ Kg8 77. Rbg7+ Kf8 78. Rf7+ 1-0

[Event "Lliga Catalana eq. DH"]
[Site "?"]
[Date "2014.03.08"]
[Round "7.2"]
[White "Vidarte Morales, A."]
[Black "Rizouk, A."]
[Result "1/2-1/2"]
[WhiteElo "2408"]
[BlackElo "2534"]
[PlyCount "87"]
[EventDate "2014.??.??"]
[EventType "team"]
[EventCountry "ESP"]

1. d4 Nf6 2. c4 e6 3. Nf3 b6 4. Nc3 Bb7 5. Bg5 h6 6. Bh4 Bb4 7. e3 c5 8. Be2 d6
9. O-O Bxc3 10. bxc3 Nbd7 11. Nd2 e5 12. Qc2 Qe7 13. a4 a5 14. Bg3 h5 15. f3
O-O-O 16. d5 h4 17. Bf2 g5 18. Bd3 Kc7 19. Bf5 Nh5 20. Rab1 Ba6 21. Rb3 Rb8 22.
Rfb1 Rb7 23. R1b2 Ng7 24. Bxd7 Qxd7 25. Qb1 Rhb8 26. Qh7 f6 27. h3 Nf5 28.
Qxd7+ Kxd7 29. Kf1 e4 30. fxe4 Ne7 31. Bg1 Kc7 32. Bh2 Ng6 33. Rb1 Ne5 34. Bxe5
fxe5 35. Ke2 Rf8 36. R3b2 Rbb8 37. Kd3 Bc8 38. Nf3 Rg8 39. Nh2 Bd7 40. Ra1 Rgf8
41. Nf3 Rg8 42. Nh2 Rgf8 43. Nf3 Rg8 44. Nh2 1/2-1/2

[Event "Lliga Catalana eq. DH"]
[Site "?"]
[Date "2014.03.08"]
[Round "7.3"]
[White "Alonso Moyano, J."]
[Black "Vehi Bach, VM."]
[Result "1-0"]
[WhiteElo "2454"]
[BlackElo "2381"]
[PlyCount "79"]
[EventDate "2014.??.??"]
[EventType "team"]
[EventCountry "ESP"]

1. e4 c5 2. Nc3 a6 3. g4 Nc6 4. Bg2 e5 5. h4 d6 6. d3 Nd4 7. g5 h6 8. Nd5 Ne7
9. Nxe7 Bxe7 10. c3 Ne6 11. gxh6 gxh6 12. Nf3 Qa5 13. Be3 Bd7 14. Qd2 h5 15.
Ng5 Nxg5 16. hxg5 h4 17. Bh3 Qc7 18. O-O-O O-O-O 19. Qe2 Rdg8 20. Rdg1 Rg7 21.
f4 exf4 22. Bxf4 Kb8 23. Qf2 Bxh3 24. Rxh3 Rgh7 25. Rg4 Qd7 26. Rhxh4 Ka8 27.
Rxh7 Rxh7 28. Rh4 Rg7 29. Qe3 Qe6 30. Kb1 Qc8 31. a3 Qd8 32. Rg4 Qh8 33. Rg1
Rh7 34. g6 fxg6 35. Rxg6 Rh1+ 36. Ka2 Rh3 37. Qg1 Qh5 38. Bxd6 Rh1 39. Rg8+ Ka7
40. Bb8+ 1-0

[Event "Lliga Catalana eq. DH"]
[Site "?"]
[Date "2014.03.08"]
[Round "7.3"]
[White "Alonso Rosell, A."]
[Black "Sole Fabregat, X."]
[Result "1-0"]
[WhiteElo "2579"]
[BlackElo "2305"]
[PlyCount "77"]
[EventDate "2014.??.??"]
[EventType "team"]
[EventCountry "ESP"]

1. g3 e5 2. c4 c6 3. d4 Bb4+ 4. Bd2 Bxd2+ 5. Qxd2 d6 6. Nc3 Qe7 7. dxe5 dxe5 8.
Ne4 Na6 9. Nd6+ Kf8 10. Rd1 Nf6 11. Bg2 Bg4 12. h3 Bh5 13. Qa5 Rd8 14. c5 Ne8
15. Nf3 Nxc5 16. Qxc5 Bxf3 17. Bxf3 Rxd6 18. Qxa7 Rxd1+ 19. Kxd1 g6 20. Kc1
Qg5+ 21. Kb1 Qf5+ 22. Ka1 Qd7 23. Rc1 Nf6 24. Qb8+ Kg7 25. Qxe5 Re8 26. Qf4 Qe6
27. g4 h6 28. h4 Ra8 29. a3 Qb3 30. Qd2 Qe6 31. g5 Ng8 32. gxh6+ Nxh6 33. h5
Nf5 34. hxg6 fxg6 35. Rd1 Ne7 36. Qb4 b5 37. Rd6 Qf7 38. Rd7 Re8 39. Bxc6 1-0

[Event "Lliga Catalana eq. DH"]
[Site "?"]
[Date "2014.03.08"]
[Round "7.3"]
[White "Ayza Leon, D."]
[Black "Barbero Sendic, A."]
[Result "0-1"]
[WhiteElo "2302"]
[BlackElo "2416"]
[PlyCount "88"]
[EventDate "2014.??.??"]
[EventType "team"]
[EventCountry "ESP"]

1. e4 e5 2. Nf3 Nf6 3. Nc3 Nc6 4. Bb5 Nd4 5. Ba4 c6 6. d3 b5 7. Bb3 Nxb3 8.
axb3 b4 9. Ne2 d6 10. h3 Be7 11. O-O O-O 12. Ng3 c5 13. Bg5 h6 14. Be3 Be6 15.
Nh2 d5 16. f4 exf4 17. Bxf4 dxe4 18. dxe4 c4 19. bxc4 Bxc4 20. Re1 Bc5+ 21. Be3
Bxe3+ 22. Rxe3 Qb6 23. Qf3 Rad8 24. Nhf1 Rfe8 25. Kh1 Be6 26. Nf5 Bxf5 27. exf5
Qc5 28. c3 b3 29. Rxe8+ Rxe8 30. Nd2 Qb6 31. Nc4 Qc5 32. Nd2 Re3 33. Qa8+ Kh7
34. Nxb3 Qb6 35. Nd4 Qxb2 36. Qxa7 Rxc3 37. Nf3 Nh5 38. Re1 Nf4 39. Rg1 Rc1 40.
Kh2 Rc2 41. Ne1 Rc3 42. Kh1 Nxh3 43. Rf1 Qe2 44. Qxf7 Qxf1+ 0-1

[Event "Lliga Catalana eq. DH"]
[Site "?"]
[Date "2014.03.08"]
[Round "7.3"]
[White "Boix Moreno, D."]
[Black "Hernando Rodrigo, JA."]
[Result "1-0"]
[WhiteElo "2386"]
[BlackElo "2398"]
[PlyCount "93"]
[EventDate "2014.??.??"]
[EventType "team"]
[EventCountry "ESP"]

1. e4 e6 2. d4 d5 3. Nd2 c5 4. Ngf3 Nc6 5. Bb5 cxd4 6. Nxd4 Bd7 7. Nxc6 Bxc6 8.
Bxc6+ bxc6 9. c4 dxe4 10. Nxe4 Bb4+ 11. Bd2 Qd3 12. Bxb4 Qxe4+ 13. Qe2 Qxg2 14.
O-O-O Qg5+ 15. Kb1 Ne7 16. Rhg1 Qf5+ 17. Ka1 c5 18. Bc3 Rg8 19. Rd6 Rd8 20.
Rxd8+ Kxd8 21. Qd2+ Ke8 22. Rd1 f6 23. Qd7+ Kf7 24. Qxa7 Qc2 25. Qd7 Ra8 26.
Re1 e5 27. Qd1 Qxd1+ 28. Rxd1 Ke6 29. b3 Nc6 30. Kb2 Nd4 31. a3 Ne2 32. Be1 e4
33. b4 Nf4 34. Kb3 f5 35. b5 Nd3 36. a4 f4 37. a5 f3 38. a6 Kd7 39. Bc3 Kc7 40.
Rd2 Kb6 41. Ka4 Re8 42. Ba5+ Ka7 43. Bc7 e3 44. Rxd3 e2 45. Ba5 e1=Q 46. Bxe1
Rxe1 47. Rxf3 1-0

[Event "Lliga Catalana eq. DH"]
[Site "?"]
[Date "2014.03.08"]
[Round "7.3"]
[White "Cuadras Avellana, J."]
[Black "Asis Gargatagli, H."]
[Result "0-1"]
[WhiteElo "2374"]
[BlackElo "2514"]
[PlyCount "77"]
[EventDate "2014.??.??"]
[EventType "team"]
[EventCountry "ESP"]

1. d4 Nf6 2. c4 c5 3. d5 e6 4. Nc3 exd5 5. cxd5 d6 6. e4 g6 7. Nf3 Bg7 8. Be2
O-O 9. O-O Re8 10. Nd2 Nbd7 11. h3 g5 12. Nc4 Nxe4 13. Nxe4 Rxe4 14. Nxd6 Rd4
15. Qc2 Ne5 16. Nxc8 Rxc8 17. Be3 Rxd5 18. Rad1 h6 19. Qe4 Rxd1 20. Rxd1 Qe7
21. Bg4 Re8 22. Bf5 b6 23. Qa4 Rb8 24. Bc2 c4 25. Qb5 Bf8 26. a4 Rd8 27. Rd5
Kg7 28. Be4 Rxd5 29. Bxd5 Qc7 30. Kf1 c3 31. bxc3 Qxc3 32. Kg1 g4 33. Qb1 g3
34. Qd1 h5 35. Kf1 gxf2 36. Bxf2 Ng6 37. g3 h4 38. Kg2 hxg3 39. Bxg3 0-1

[Event "Lliga Catalana eq. DH"]
[Site "?"]
[Date "2014.03.08"]
[Round "7.3"]
[White "Granados Gomez, M."]
[Black "Garcia Paolicchi, R."]
[Result "1-0"]
[WhiteElo "2434"]
[BlackElo "2280"]
[PlyCount "101"]
[EventDate "2014.??.??"]
[EventType "team"]
[EventCountry "ESP"]

1. c4 e6 2. Nc3 d5 3. d4 c5 4. cxd5 exd5 5. Nf3 Nc6 6. e3 c4 7. Be2 Bb4 8. O-O
Nf6 9. Ne5 O-O 10. Nxc6 bxc6 11. Bd2 Bf5 12. b3 cxb3 13. axb3 Qe7 14. Ra6 Rac8
15. Qa1 Rc7 16. Qa4 c5 17. Rxf6 Bxc3 18. Rxf5 Bxd2 19. Rxd5 cxd4 20. Qxd4 Bb4
21. Bc4 Bc5 22. Qd3 Bb6 23. Rd1 g6 24. g3 Re8 25. h4 Qf6 26. Kg2 Rce7 27. h5
Kg7 28. hxg6 hxg6 29. Rh1 Qb2 30. Qd2 Qxd2 31. Rxd2 Rd8 32. Rxd8 Bxd8 33. Rd1
Bb6 34. e4 Kf6 35. Bd5 Rc7 36. Rd2 Kg7 37. f4 f6 38. Bc4 Re7 39. Kf3 Kh6 40.
Rd6 Kg7 41. Bd3 Bc7 42. Rc6 g5 43. Kg4 gxf4 44. gxf4 Rd7 45. Bc4 Bb6 46. Kf5
Bd8 47. e5 fxe5 48. fxe5 Bh4 49. Rg6+ Kf8 50. Rh6 Be1 51. Kf6 1-0

[Event "Lliga Catalana eq. DH"]
[Site "?"]
[Date "2014.03.08"]
[Round "7.3"]
[White "Libiszewski, F."]
[Black "Fernandez Aguado, E."]
[Result "1-0"]
[WhiteElo "2497"]
[BlackElo "2407"]
[PlyCount "93"]
[EventDate "2014.??.??"]
[EventType "team"]
[EventCountry "ESP"]

1. d4 Nf6 2. c4 e6 3. g3 d5 4. Bg2 c6 5. Nf3 Bb4+ 6. Bd2 Be7 7. O-O Nbd7 8. Qc2
O-O 9. Bf4 b6 10. Nc3 Bb7 11. Rfd1 Re8 12. cxd5 exd5 13. Ne5 Nf8 14. e4 Ne6 15.
exd5 cxd5 16. Be3 a6 17. Rac1 Bf8 18. Ne2 Rc8 19. Qb3 Qd6 20. Nf4 Nxf4 21. Bxf4
Qe6 22. Nd3 h6 23. Bc7 b5 24. Nf4 Qe7 25. Ba5 Rc4 26. Re1 Qd7 27. Rxe8 Nxe8 28.
Qd1 g5 29. Ne2 b4 30. b3 Rxc1 31. Nxc1 Qb5 32. Bd8 Qd7 33. Bb6 Qc6 34. Ba7 Qc3
35. Nd3 Nd6 36. Nc5 Bc8 37. Bxd5 Qb2 38. Nd3 Qxa2 39. Ne5 Bf5 40. Bc5 Be4 41.
Bxe4 Nxe4 42. Qf3 Qb1+ 43. Kg2 f6 44. Ng4 Bxc5 45. dxc5 Nd2 46. Qd5+ Kg7 47.
Qxd2 1-0

[Event "Lliga Catalana eq. DH"]
[Site "?"]
[Date "2014.03.08"]
[Round "7.3"]
[White "Lorenzo de la Riva, L."]
[Black "Castelltort Fernandez, A."]
[Result "1/2-1/2"]
[WhiteElo "2502"]
[BlackElo "2345"]
[PlyCount "103"]
[EventDate "2014.??.??"]
[EventType "team"]
[EventCountry "ESP"]

1. e4 c5 2. Nc3 Nc6 3. Bb5 Nd4 4. Bc4 e6 5. d3 Ne7 6. Bg5 a6 7. Nge2 b5 8. Bb3
Nxb3 9. axb3 Bb7 10. O-O Qc7 11. Ng3 f6 12. Bd2 g6 13. f4 f5 14. Be3 Bg7 15.
Qd2 O-O 16. Rae1 Rfe8 17. d4 cxd4 18. Bxd4 Qd6 19. Rd1 Bxd4+ 20. Qxd4 Qxd4+ 21.
Rxd4 Bc6 22. e5 Rec8 23. Rfd1 Kf8 24. Nf1 Rc7 25. Ne3 g5 26. g3 gxf4 27. gxf4
Ng6 28. Kf2 Kf7 29. Rg1 Rg8 30. Ne2 Ne7 31. Rxg8 Kxg8 32. b4 Kf7 33. Rd1 Ng6
34. c3 Ke7 35. Rd6 Ra7 36. Nc2 Ra8 37. Ncd4 Be4 38. Nb3 Bc6 39. Nc5 a5 40. bxa5
Rxa5 41. Nd4 Ra2 42. Nxc6+ dxc6 43. Rd7+ Ke8 44. Kg3 Ne7 45. Nd3 c5 46. Nxc5
Rxb2 47. Rb7 Rc2 48. Rxb5 Rxc3+ 49. Kh4 h6 50. Nb7 Ng6+ 51. Kh5 Nxf4+ 52. Kxh6
1/2-1/2

[Event "Lliga Catalana eq. DH"]
[Site "?"]
[Date "2014.03.08"]
[Round "7.4"]
[White "Baron Isanta, JM."]
[Black "Rivero Ojeda, C."]
[Result "1-0"]
[WhiteElo "2389"]
[BlackElo "2350"]
[PlyCount "79"]
[EventDate "2014.??.??"]
[EventType "team"]
[EventCountry "ESP"]

1. Nf3 Nf6 2. c4 d6 3. d4 g6 4. Nc3 Bg7 5. e4 O-O 6. h3 Nbd7 7. Bg5 h6 8. Be3
e5 9. d5 Nc5 10. Nd2 a5 11. a3 Nh5 12. g3 Qe8 13. Be2 Nf6 14. b4 Na6 15. g4 Bd7
16. Rb1 axb4 17. axb4 Nh7 18. Bd3 Qe7 19. h4 f5 20. gxf5 gxf5 21. exf5 e4 22.
Ncxe4 Rae8 23. Qh5 Rxf5 24. Qg6 Nf8 25. Qg3 Kh8 26. b5 Nc5 27. Nxc5 dxc5 28.
Rg1 Rf7 29. Ne4 Bf5 30. f3 Ng6 31. Kd2 Be5 32. Qf2 b6 33. Bxh6 Ra8 34. Rbc1 Nf4
35. Qe3 Ra2+ 36. Rc2 Rxc2+ 37. Bxc2 Qxh4 38. Nf2 Re7 39. Bg5 Bc3+ 40. Qxc3+ 1-0